000
00336 a2200133 4500
000
nam a22 7a 4500
100
_a
V.B. Awasthi
110
_a
V.B. Awasthi
245
_a
Insect Neuroendocrines
250
_a
latest
260
_b
Scientific Publishers,India
_c
2026
264
_b
Scientific Publishers,India
_c
2026
942
_c
BK
999
_c
395054
_d
395054